Federal Electoral Divisions of Australia with a Map - Statistics

General Stats
  • This quiz has been taken 2,611 times
  • The average score is 68 of 151
Answers on the Map
Answers color-coded by a green-red scale on the quiz's map according to % correct below.
 
Answer Stats
Answer % Correct
Victoria Melbourne
88%
Western Australia Perth
87%
New South Wales Sydney
86%
South Australia Adelaide
85%
Queensland Brisbane
85%
Australian Capital Territory Canberra
80%
South Australia Grey
65%
New South Wales Cook
61%
Northern Territory Lingiari
61%
New South Wales Newcastle
60%
Northern Territory Solomon
60%
Queensland Kennedy
59%
Victoria Menzies
59%
New South Wales North Sydney
59%
New South Wales Wentworth
59%
Tasmania Bass
58%
Victoria Kooyong
58%
Tasmania Lyons
57%
Western Australia Curtin
56%
Victoria Deakin
56%
South Australia Mayo
56%
New South Wales New England
56%
Australian Capital Territory Bean
55%
Victoria Bendigo
55%
New South Wales Eden-Monaro
55%
New South Wales Barton
54%
New South Wales Grayndler
54%
Victoria Hawke
54%
New South Wales Warringah
54%
New South Wales Bennelong
53%
Queensland Griffith
53%
Queensland Leichhardt
53%
Victoria Indi
52%
New South Wales Parramatta
52%
Victoria Ballarat
51%
Queensland Dickson
51%
Victoria Goldstein
51%
South Australia Sturt
51%
Tasmania Braddon
50%
Tasmania Clark
50%
Western Australia Fremantle
50%
New South Wales Whitlam
50%
Victoria Fraser
49%
Queensland Maranoa
49%
New South Wales Reid
49%
Queensland Ryan
49%
Victoria Gippsland
48%
Victoria Holt
48%
New South Wales Hughes
48%
New South Wales Hunter
48%
Victoria Wills
48%
Tasmania Franklin
47%
Victoria Macnamara
47%
New South Wales Parkes
47%
New South Wales Richmond
47%
Victoria Aston
46%
New South Wales Banks
46%
Victoria Flinders
46%
New South Wales Fowler
46%
Western Australia Swan
46%
Queensland Capricornia
45%
Western Australia Durack
45%
New South Wales Hume
45%
New South Wales Kingsford Smith
45%
New South Wales Blaxland
44%
New South Wales Chifley
44%
Victoria Corio
44%
New South Wales Cowper
44%
New South Wales Farrer
44%
Australian Capital Territory Fenner
44%
Western Australia O'Connor
44%
New South Wales Bradfield
43%
New South Wales Calare
43%
Queensland Fisher
43%
Victoria Gorton
43%
New South Wales Mackellar
43%
Victoria McEwen
43%
New South Wales McMahon
43%
New South Wales Riverina
43%
Queensland Forde
42%
New South Wales Macquarie
42%
Victoria Monash
42%
New South Wales Berowra
41%
South Australia Boothby
41%
Victoria Corangamite
41%
Victoria Lalor
41%
Victoria Maribyrnong
41%
Queensland Oxley
41%
New South Wales Page
41%
Victoria Wannon
41%
New South Wales Watson
41%
South Australia Barker
40%
South Australia Hindmarsh
40%
Victoria Jagajaga
40%
Western Australia Tangney
40%
Victoria Bruce
39%
Victoria Chisholm
39%
Queensland Fadden
39%
Victoria Higgins
39%
Victoria Scullin
39%
New South Wales Werriwa
39%
New South Wales Lindsay
38%
Victoria Mallee
38%
Western Australia Canning
37%
Western Australia Forrest
37%
New South Wales Gilmore
37%
Queensland Herbert
37%
Victoria La Trobe
37%
Queensland Wide Bay
37%
Queensland Blair
36%
Victoria Casey
36%
New South Wales Greenway
36%
Western Australia Hasluck
36%
Queensland Longman
36%
Victoria Cooper
35%
Victoria Dunkley
35%
South Australia Kingston
35%
New South Wales Lyne
35%
New South Wales Macarthur
35%
Western Australia Moore
35%
New South Wales Paterson
35%
New South Wales Robertson
35%
Queensland Bonner
34%
Queensland Moreton
34%
Victoria Calwell
33%
Queensland Fairfax
33%
Victoria Hotham
33%
Queensland Lilley
33%
Victoria Nicholls
33%
Queensland Petrie
33%
Western Australia Brand
32%
Queensland Dawson
32%
Queensland Flynn
32%
Victoria Gellibrand
32%
Victoria Isaacs
32%
South Australia Makin
32%
New South Wales Mitchell
32%
New South Wales Shortland
32%
Queensland Bowman
31%
Western Australia Burt
31%
Western Australia Cowan
31%
Queensland Groom
31%
Queensland McPherson
31%
Queensland Moncrieff
31%
Western Australia Pearce
31%
Queensland Rankin
31%
South Australia Spence
31%
New South Wales Cunningham
30%
New South Wales Dobell
30%
Queensland Hinkler
30%
Queensland Wright
29%
No matching quizzes found
Score Distribution
Percent of People with Each Score
Percentile by Number Answered
Your Score History
You have not taken this quiz